000 00449nam a2200169Ia 4500
003 GCL
040 _aGCL /
_cGCL
082 0 4 _a780.92
_bD G
100 1 _aDIMDE, MANFRED
245 1 0 _aGOETHES GEHEIMES VERMACHTNIE: DIE BOTSCHAFTEN IM FAUST ENSCHLUSSELT /
_cDIMDE, MANFRED
260 _a[S.N] :
_bBETTENDORF ،
_c1995
300 _a264 P
650 0 4 _aMUSIC
650 0 4 _aMUSICIANS - BIOGRAPHIES
650 0 4 _aGERMAN MUSICAINS
942 _2ddc
_cBK
999 _c16005
_d16005